Factors influencing life decisions and attitudes toward life decisions : an international study of Crucian women /

Bibliographic Details
Main Author: Allen, Corinne A. Nielsen (Corinne Akita Nielsen), 1940-
Format: Thesis Microform Book
Language:English
Published: [Place of publication not identified] : [publisher not identified] ; 1983.
Subjects:

MARC

Tag First Indicator Second Indicator Subfields
LEADER 00000cam a2200000 a 4500
001 in00000015975
005 20151007052640.0
007 he amb|||||||
008 880523r19841983miu bb 00010 eng d
035 |a (OCoLC)17986198 
035 |9 AAA8659AM 
040 |a TXA  |c TXA  |d UtOrBLW 
043 |a nwrr--- 
049 |a TXAI 
099 |a fiche  |a C  |a 7825 
100 1 |a Allen, Corinne A. Nielsen  |q (Corinne Akita Nielsen),  |d 1940- 
245 1 0 |a Factors influencing life decisions and attitudes toward life decisions :  |b an international study of Crucian women /  |c by Corinne A. Nielsen Allen. 
264 1 |a [Place of publication not identified] :  |b [publisher not identified] ;  |c 1983. 
300 |a x, 189 leaves. 
336 |a text  |b txt  |2 rdacontent 
337 |a microform  |b h  |2 rdamedia 
338 |a microfiche  |b he  |2 rdacarrier 
502 |b Ph. D.  |c Indiana University  |d 1983. 
500 |a Vita. 
504 |a Bibliography: leaves 142-150. 
533 |a Microfiche.  |b Ann Arbor, Mich. :  |c University Microfilms International,  |d 1984.  |e 3 microfiches ; 11 x 15 cm. 
500 |a Microform. 
650 0 |a Women  |z United States Virgin Islands  |z Saint Croix. 
999 |a MARS 
999 f f |s 3e4eef08-ba95-359b-b7f7-bfd8dbe26e36  |i 551e6239-1b34-35e4-a2f0-b22aa02611d5  |t 0 
952 f f |p normal  |a Texas A&M University  |b College Station  |c Sterling C. Evans Library  |d Evans: Microforms (3rd floor)  |t 0  |e fiche C 7825  |h Other scheme  |i microform -- microfiche  |m A14822805847 
998 f f |a fiche C 7825  |t 0  |l Evans: Microforms (3rd floor)